Oscar Miglior Film per immagini - Statistics

Statistiche generali
  • Questo quiz è stato fatto 124 volte
    48 dall'ultimo reset
  • Il punteggio medio è 43 su 98
Statistiche sulle risposte
con Immagini Hint Risposta % Corretto
1995 Forrest Gump
97%
1998 Titanic
97%
2001 Il gladiatore
94%
1973 Il padrino
92%
1975 Il padrino - Parte II
92%
2004 Il Signore degli Anelli - Il ritorno del re
89%
2024 Oppenheimer
83%
1977 Rocky
83%
1992 Il silenzio degli innocenti
81%
2011 Il discorso del re
78%
2020 Parasite
78%
2014 Dodici anni schiavo
75%
2019 Green Book
75%
1994 La lista di Schindler
75%
1996 Braveheart - Cuore impavido
72%
1983 Gandhi
69%
2008 Non è un paese per vecchi
69%
2025 Anora
67%
2005 Million Dollar Baby
67%
2007 The Departed - Il bene e il male
67%
2009 The Millionaire
67%
2018 La forma dell'acqua
64%
2026 Una battaglia dopo l'altra
64%
2002 A Beautiful Mind
61%
2000 American Beauty
61%
2013 Argo
61%
1951 Eva contro Eva
61%
1991 Balla coi lupi
58%
2015 Birdman
56%
1940 Via col vento
56%
1985 Amadeus
53%
1976 Qualcuno volò sul nido del cuculo
53%
1989 Rain Man - L'uomo della pioggia
53%
1999 Shakespeare in Love
53%
1966 Tutti insieme appassionatamente
53%
1960 Ben-Hur
50%
2023 Everything Everywhere All at Once
50%
1988 L'ultimo imperatore
50%
2017 Moonlight
47%
2010 The Hurt Locker
47%
1979 Il cacciatore
44%
2012 The Artist
44%
1997 Il paziente inglese
42%
1978 Io e Annie
42%
1986 La mia Africa
42%
1987 Platoon
42%
1990 A spasso con Daisy
39%
2003 Chicago
39%
1957 Il giro del mondo in 80 giorni
39%
1958 Il ponte sul fiume Kwai
39%
1980 Kramer contro Kramer
39%
1969 Oliver!
39%
1962 West Side Story
39%
2016 Il caso Spotlight
36%
2021 Nomadland
36%
1929 Ali
33%
2022 Coda - I segni del cuore
33%
1993 Gli spietati
33%
1974 La stangata
33%
1982 Momenti di gloria
33%
1971 Patton, generale d'acciaio
33%
1935 Accadde una notte
31%
1949 Amleto
31%
1944 Casablanca
31%
1955 Fronte del porto
31%
1961 L'appartamento
31%
1965 My Fair Lady
31%
2006 Crash - Contatto fisico
25%
1972 Il braccio violento della legge
25%
1941 Rebecca - La prima moglie
25%
1954 Da qui all'eternità
22%
1968 La calda notte dell'ispettore Tibbs
22%
1963 Lawrence d'Arabia
22%
1956 Marty, vita di un timido
22%
1952 Un americano a Parigi
22%
1970 Un uomo da marciapiede
22%
1984 Voglia di tenerezza
22%
1930 All'ovest niente di nuovo
19%
1938 Emilio Zola
19%
1981 Gente comune
19%
1959 Gigi
19%
1932 Grand Hotel
19%
1947 I migliori anni della nostra vita
19%
1943 La signora Miniver
19%
1964 Tom Jones
19%
1967 Un uomo per tutte le stagioni
19%
1948 Barriera invisibile
17%
1934 Cavalcata
17%
1942 Com'era verde la mia valle
17%
1946 Giorni perduti
17%
1931 I pionieri del West
17%
1945 La mia via
17%
1936 La tragedia del Bounty
17%
1937 Il paradiso delle fanciulle
14%
1953 Il più grande spettacolo del mondo
14%
1930 La canzone di Broadway
14%
1939 L'eterna illusione
14%
1950 Tutti gli uomini del re
11%
Nessun quiz corrispondente trovato
Distribuzione punteggi
Percentuale di utenti per punteggio
Percentile per numero di risposta
I tuoi punteggi nel tempo
Non hai fatto questo quiz dall'ultimo reset